000 00457nam a22001817a 4500
003 MPLRDC
005 20220104123834.0
008 210129b ||||| |||| 00| 0 eng d
020 _a7-204-00171-0
082 _a592.09 YYP
100 _a于英卜、李志明著
245 _a古战奇谋故事百篇
_c
250 _a一版一刷
260 _a
_b内蒙古人民出版社
_c1988
300 _b
650 _a古代兵法
942 _cBK
_o592.09 YYP
999 _c14595
_d14585